Conceptual Principles of Public Administration Digitalization: International Practice

Väčšina krajín na celom svete sa zameriava na vytváranie „digitálnej ekonomiky“, pričom využíva všetky potenciálne konkurenčné výhody, ktoré môže priniesť. Ukrajina sa snaží byť v trende, rozvíjať informačné technológie v rôznych oblastiach vrátane verejnej správy a verejného života. Napriek výrazn...

Description complète

Enregistré dans:
Détails bibliographiques
Auteur principal: Brocková, Katarína, 1976-
Autres auteurs: Zinchenko, Dmytro Oleksandrovich
Format: Chapitre de livre
Langue:anglais
Sujets:
Tags: Ajouter un tag
Pas de tags, Soyez le premier à ajouter un tag!

MARC

LEADER 00000naa$a2200000$$$4500
001 0303148
005 20240729082000.4
041 0 |a eng 
044 |a UA 
245 1 0 |a Conceptual Principles of Public Administration Digitalization: International Practice  |c Katarína Brocková, Dmytro Oleksandrovich Zinchenko 
520 |a Väčšina krajín na celom svete sa zameriava na vytváranie „digitálnej ekonomiky“, pričom využíva všetky potenciálne konkurenčné výhody, ktoré môže priniesť. Ukrajina sa snaží byť v trende, rozvíjať informačné technológie v rôznych oblastiach vrátane verejnej správy a verejného života. Napriek výraznému potenciálu domácich IT špecialistov, ktorí patria medzi päť najlepších IT outsourcerov na svete, sa nepodarilo dosiahnuť systematický a synergický vplyv na rozvoj krajiny. 
610 2 0 |a informatizácia 
610 2 0 |a technológie informačné 
610 2 0 |a ekonomika digitálna 
610 2 0 |a Ukrajina 
610 2 0 |a transformácia 
610 2 0 |a konkurencieschopnosť 
100 1 |a Brocková, Katarína, 1976- 
700 1 |a Zinchenko, Dmytro Oleksandrovich